<?xml version="1.0" encoding="UTF-8"?>
<collection xmlns="http://www.loc.gov/MARC21/slim">
 <record>
  <leader>01074nmm a2200193 a 4500</leader>
  <controlfield tag="001">1/33266</controlfield>
  <controlfield tag="008">070428s2001    gr     g   ua       gre d</controlfield>
  <datafield tag="035" ind1=" " ind2=" ">
   <subfield code="l">35680</subfield>
  </datafield>
  <datafield tag="040" ind1=" " ind2=" ">
   <subfield code="a">GR-PeUP</subfield>
  </datafield>
  <datafield tag="082" ind1="0" ind2="0">
   <subfield code="a">CD-ROM 387.007 NAY</subfield>
  </datafield>
  <datafield tag="245" ind1="0" ind2="0">
   <subfield code="a">Ναυτικό Μουσείο Θήρας :</subfield>
   <subfield code="h">[Interactive multimedia]</subfield>
  </datafield>
  <datafield tag="260" ind1=" " ind2=" ">
   <subfield code="a">[Αθήνα] :</subfield>
   <subfield code="b">Fabelsound,</subfield>
   <subfield code="c">2001.</subfield>
  </datafield>
  <datafield tag="300" ind1=" " ind2=" ">
   <subfield code="a">1 computer laser optical disc :</subfield>
   <subfield code="b">sd., col. ;</subfield>
   <subfield code="c">4 3/4 in</subfield>
  </datafield>
  <datafield tag="520" ind1=" " ind2=" ">
   <subfield code="a">Το cd-rom εμπεριέχει μια οπτικοακουστική διαδραστική παρουσίαση των θησαυρών του Ναυτικού Μουσείου Θήρας.</subfield>
  </datafield>
  <datafield tag="538" ind1=" " ind2=" ">
   <subfield code="a">Ελάχιστες απαιτήσεις συστήματος: Win95, Pentium II, 128 MB RAM, DirectX 6.0, Cd-rom drive 32x, graphics card 16MB RAM, soundblaster compatible sound card, Windows media player.</subfield>
  </datafield>
  <datafield tag="650" ind1=" " ind2="4">
   <subfield code="a">CD-ROMs.</subfield>
  </datafield>
  <datafield tag="650" ind1=" " ind2="4">
   <subfield code="a">Naval museums</subfield>
   <subfield code="z">Greece</subfield>
   <subfield code="z">Thira</subfield>
   <subfield code="x">CD-ROMs.</subfield>
  </datafield>
  <datafield tag="650" ind1=" " ind2="4">
   <subfield code="a">Marine Art, Greek</subfield>
   <subfield code="x">CD-ROMs.</subfield>
  </datafield>
  <datafield tag="852" ind1=" " ind2=" ">
   <subfield code="a">INST</subfield>
   <subfield code="b">UNIPILB</subfield>
   <subfield code="c">MMEDIA</subfield>
   <subfield code="e">20070905</subfield>
   <subfield code="h">CD-ROM 387.007 NAY</subfield>
   <subfield code="p">00153187</subfield>
   <subfield code="q">00153187</subfield>
   <subfield code="t">NOLOAN</subfield>
   <subfield code="y">23</subfield>
   <subfield code="4">1</subfield>
  </datafield>
 </record>
</collection>
